| 000 | 00963nas a2200277 4500 | ||
|---|---|---|---|
| 001 | BR9210655 | ||
| 003 | BR-BrBNA | ||
| 005 | 20231205093415.0 | ||
| 007 | ta | ||
| 008 | 230509b bl.|||p| |||| 00| 00por d | ||
| 040 |
_aBR-BrBNA _bpor _cBiblioteca Nacional de Agricultura |
||
| 041 | _a(Pt) | ||
| 072 | _aF01 | ||
| 100 | 1 | _aFlaresso, J.A. | |
| 100 | 1 | _aAlmeida, E.X. de | |
| 245 | 1 | _aIntroducao e avaliacao de forrageiras temperadas no Alto Vale do Itajai, Santa Catarina | |
| 246 | 1 | _aIntroduction and evaluation of temperature forages at Alto Vale do Itajai region, Santa Catarina state, Brazil | |
| 650 | _aFORRAGEIRA DE INVERNO | ||
| 650 | _aPLANTIO | ||
| 650 | _aINTRODUCAO DE PLANTA | ||
| 650 | _aRENDIMENTO | ||
| 650 | _aSANTA CATARINA | ||
| 773 | 0 |
_tRevista da Sociedade Brasileira de Zootecnia (Brazil) _xISSN 0100-4859 _g(Mar-Apr 1992), v. 21(2) p. 309-319 _wBR9210655 |
|
| 909 |
_a202311 _bLúcia _c55 _dLúcia Elande |
||
| 942 |
_2AGRIS _n0 _cANA |
||
| 999 |
_c138121 _d138121 |
||